000
00308nam a22001457a 4500
020
_a
818858250-6
082
_a
894.812
_b
KOC/C
100
_a
KOCHUNARAYANAN T.K
245
_a
CHEERAPP KATHAKAL
260
_a
THRISSUR
_b
GREEN BOOKS
_c
2005
300
_a
124
520
_a
NOVEL
650
_a
NOVEL
942
_c
BK
999
_c
4994
_d
4994